Województwo Łódzkie - Miasta (2024) - Statystyki

Ogólne statystyki
  • Ten quiz został rozwiązany 163 razy
  • Średni wynik to 24 z 60
Statystyki odpowiedzi
Ludność Miasto % Poprawnych
658 444 Łódź
100%
61 353 Pabianice
88%
67 264 Piotrków Trybunalski
88%
54 012 Zgierz
82%
52 851 Bełchatów
80%
22 090 Aleksandrów Łódzki
78%
45 560 Skierniewice
78%
39 158 Sieradz
77%
58 089 Tomaszów Mazowiecki
74%
43 417 Radomsko
71%
38 848 Zduńska Wola
71%
41 231 Kutno
66%
20 826 Wieluń
63%
26 247 Łowicz
60%
19 246 Opoczno
60%
16 191 Łask
59%
19 161 Konstantynów Łódzki
57%
16 090 Rawa Mazowiecka
56%
13 183 Łęczyca
55%
6853 Poddębice
50%
3442 Rzgów
49%
2950 Uniejów
49%
11 995 Brzeziny
46%
6410 Pajęczno
46%
12 143 Koluszki
43%
7173 Tuszyn
41%
3401 Stryków
39%
5985 Sulejów
39%
18 259 Ozorków
38%
8394 Wieruszów
37%
13 216 Głowno
36%
2608 Kamieńsk
32%
1569 Piątek
30%
2969 Warta
30%
1581 Lutomiersk
29%
5330 Działoszyn
28%
7152 Zelów
27%
2022 Błaszki
23%
1539 Ujazd
22%
3048 Biała Rawska
21%
829 Inowłódź
21%
1268 Jeżów
21%
2218 Lututów
21%
1768 Szadek
20%
3417 Złoczew
20%
4047 Krośniewice
19%
1350 Osjaków
19%
7647 Żychlin
17%
2275 Wolbórz
16%
1614 Rozprza
15%
1074 Żarnów
14%
3551 Drzewica
13%
3226 Przedbórz
13%
919 Parzęczew
11%
1150 Bolesławiec
10%
831 Kiernozia
8%
1068 Białaczów
7%
899 Bolimów
7%
948 Dąbrowice
5%
1003 Grabów
5%
Nie znaleziono quizów pasujących do podanych kryteriów
Rozkład punktacji
Procent ludzi z każdym wynikiem
Percentyl według liczby udzielonych odpowiedzi
Twoja historia wyników
Nie rozwiązałeś tego quizu